| 000 | 01255nam a2200313 i 4500 | ||
|---|---|---|---|
| 001 | bg | ||
| 003 | BPK | ||
| 005 | 20201215085258.0 | ||
| 008 | 970812s1995 pl |000 0 pol d | ||
| 020 | _a8386467258 | ||
| 040 | _cBPK | ||
| 041 | 1 |
_apol _heng |
|
| 080 | _a349.6(4) | ||
| 080 | _a58/59(4) | ||
| 080 | _a502.7(4) | ||
| 080 | _a(083.8) | ||
| 245 | 0 |
_aKonwencja o ochronie gatunków europejskich dzikich zwierząt i roślin oraz siedlisk naturalnych / _cpod red. Stanisława Wajdy i Janusza Żurka ; Instytut Ochrony Środowiska. |
|
| 260 |
_aWarszawa : _b Agencja Informacyjna GEA ; _c[1995]. |
||
| 300 |
_a47, [1] s. ; _c24 cm. |
||
| 490 | 1 |
_aKonwencje Międzynarodowe i Uchwały Organizacji Międzynarodowych ; _vz.12 |
|
| 650 | 4 |
_aRośliny chronione _zEuropa. |
|
| 650 | 4 |
_aZwierzęta chronione _zEuropa. |
|
| 650 | 4 |
_aPrawo ochrony środowiska międzynarodowe _zEuropa _yod 1945 r. |
|
| 700 | 1 |
_aŻurek, Janusz _eRedakcja |
|
| 700 | 1 |
_aWajda, Stanisław _c(prawo) _eRedakcja |
|
| 830 |
_aKonwencje Międzynarodowe i Uchwały Organizacji Międzynarodowych ; _vz. 12 |
||
| 856 |
_uhttp://koha.tu.koszalin.pl/cgi-bin/koha/opac-detail.pl?biblionumber=31220 _yKatalog online BPK |
||
| 942 |
_cKS _2UKD |
||
| 999 |
_c31220 _d31220 |
||